[Event "Hong Kong op"]
[Site "Hong Kong"]
[Date "2023.12.29"]
[Round "9"]
[White "Lau, Chloe Hailey"]
[Black "Halomoan, Marco Matheus"]
[Result "0-1"]
[WhiteElo "1465"]
[BlackElo "1192"]
[PlyCount "72"]
[EventDate "2023.12.24"]
[EventType "swiss"]
[EventRounds "9"]
[EventCountry "HKG"]
[SourceTitle "CB01_2024"]
[SourceDate "2024.01.03"]
[SourceVersion "1"]
[SourceVersionDate "2024.01.03"]
[SourceQuality "1"]

1. e4 c5 2. Nf3 Nc6 3. c3 e5 4. d4 cxd4 5. cxd4 exd4 6. Nxd4 Bc5 7. Nf3 Nge7 8. Bc4 d6 9. h3 h6 10. 0-0 Ng6 11. b3 Qf6 12. e5 Ngxe5 13. Nxe5 dxe5 14. Bb2 0-0 15. Nc3 Qg6 16. Bd3 Bf5 17. Bxf5 Qxf5 18. Ne2 Rad8 19. Qc1 Bb6 20. Ng3 Qg6 21. Kh1 Rd3 22. Qc2 Rxg3 23. Qxg6 Rxg6 24. f3 Rd8 25. Rad1 Rgd6 26. Rde1 f6 27. Kh2 Rd2 28. Rb1 Rc2 29. Rfc1 Rdd2 30. Rxc2 Rxc2 31. Kg3 Bd4 32. Bxd4 exd4 33. Kh4 Rxg2 34. Kh5 Rg5+ 35. Kh4 Ne5 36. Rf1 Ng6# 0-1